000 00601nam a2200229Ia 4500
003 OSt
005 20220924132120.0
006 a|||||r|||| 00| 0
007 ta
008 220923b |||||||| |||| 00| 0 san d
024 _a13583
037 _cTextual
040 _aARTS
_cARTS
_bsan
041 _2san
_asan
082 _a/\22x4:1, 15J2
100 _aAtmarama Yogindra
_9203783
245 0 _aHatha yoga pradipka with Hindi and Sanskrit comm
260 _c1952
650 _aSPIRurdALISM
942 _h/\22x4:1, 15J2
_cTEXL
_2CC
999 _c429303
_d429303